Neighbourhoods in Podgorica - Statistics

General Stats
  • This quiz has been taken 16 times
  • The average score is 9 of 15
Answer Stats
Location Neighbourhood % Correct
South Zabjelo
92%
East Konik
83%
North Zagorič
83%
East Stari Aerodrom
75%
Northwest Blok 5,6,9
67%
West Donja Gorica
67%
West Gornja Gorica
58%
Center Preko Morače
58%
Center Stara Varoš
58%
West Kruševac and City Kvart
50%
Center Momišići
50%
Northwest Tološi
42%
Southwest Dahna
25%
East Vrela Ribnička
25%
Center Nova Varoš
17%
No matching quizzes found
Score Distribution
Percent of People with Each Score
Percentile by Number Answered
Your Score History
You have not taken this quiz